| 000 -LEADER |
| fixed length control field |
00475 a2200193 4500 |
| 003 - CONTROL NUMBER IDENTIFIER |
| control field |
OSt |
| 005 - DATE AND TIME OF LATEST TRANSACTION |
| control field |
20231116175717.0 |
| 008 - FIXED-LENGTH DATA ELEMENTS--GENERAL INFORMATION |
| fixed length control field |
231116b ||||| |||| 00| 0 eng d |
| 020 ## - INTERNATIONAL STANDARD BOOK NUMBER |
| International Standard Book Number |
9781847974303 |
| 040 ## - CATALOGING SOURCE |
| Original cataloging agency |
BMSCA |
| 041 ## - LANGUAGE CODE |
| Language code of text/sound track or separate title |
eng |
| 082 ## - DEWEY DECIMAL CLASSIFICATION NUMBER |
| Classification number |
735.24 |
| Item number |
DAW |
| 100 ## - MAIN ENTRY--PERSONAL NAME |
| Personal name |
Dawson |
| Dates associated with a name |
1969- |
| 245 ## - TITLE STATEMENT |
| Title |
Making Contemporary Sculpture (Price Printed) |
| 260 ## - PUBLICATION, DISTRIBUTION, ETC. (IMPRINT) |
| Name of publisher, distributor, etc |
Crowood, |
| Place of publication, distribution, etc |
wiltshire: |
| 300 ## - PHYSICAL DESCRIPTION |
| Extent |
XI,204p.: |
| Dimensions |
22cm. |
| 650 ## - SUBJECT ADDED ENTRY--TOPICAL TERM |
| Source of heading or term |
Contemporary Sculpture |
| 942 ## - ADDED ENTRY ELEMENTS (KOHA) |
| Source of classification or shelving scheme |
|